Firearm companies - Statistics

General Stats
  • This quiz has been taken 95 times
  • The average score is 8 of 18
Answer Stats
Country of origin Answer % Correct
Austria Glock
91%
USA Colt
79%
USA Colt
79%
Germany Heckler and koch
76%
Italy Beretta
69%
Switzerland Sig sauer
69%
Belgium FN Herstal
63%
USA Smith and wesson
58%
USA Springfield armory
38%
USA Ruger
29%
Brazil Taurus
29%
Germany Walther
21%
Serbia Zastava
16%
Turkey Canik
15%
USA Henry
10%
USA Daniel defense
9%
Italy Stacatto
3%
Turkey/USA/Italy Stoger
1%
No matching quizzes found
Score Distribution
Percent of People with Each Score
Percentile by Number Answered
Your Score History
You have not taken this quiz